000 00183 a2200097 4500
020 _a9684166788
041 _aspa
100 _aHernandez, Jose
245 _aMartin fierro
942 _cBK
999 _c30382
_d30380